[Event "Oberliga Nord O 2324"]
[White "Trenner, Rolf"]
[Black "Polzin, Rainer"]
[Site "Germany"]
[Round "2.4"]
[Result "0-1"]
[Date "2023.11.19"]
[WhiteElo "2134"]
[BlackElo "2409"]
[PlyCount "46"]
[EventDate "2023.10.22"]
[EventType "team-tourn"]
[EventRounds "9"]
[EventCountry "GER"]
[SourceTitle "EXT 2025"]
[Source "ChessBase"]
[SourceDate "2024.10.14"]
[SourceVersion "1"]
[SourceVersionDate "2024.10.14"]
[SourceQuality "1"]
[WhiteTeam "Potsdam Empor"]
[BlackTeam "Berlin SF II"]
[WhiteTeamCountry "GER"]
[BlackTeamCountry "GER"]

1. d4 Nf6 2. c4 g6 3. Nc3 Bg7 4. e4 d6 5. Be2 0-0 6. g4 c5 7. d5 e6 8. g5 Ne8 9. h4 exd5 10. cxd5 Qe7 11. Bf3 Nd7 12. Bg2 f5 13. h5 c4 14. hxg6 hxg6 15. Be3 Ne5 16. Nf3 Nd3+ 17. Kf1 Nxb2 18. Qd2 Nd3 19. exf5 Bxf5 20. Nd4 Qe5 21. Rd1 Bg4 22. Rb1 Nxf2 23. Kg1 Nxh1 0-1

[Event "Oberliga Nord O 2324"]
[White "Bielinski, Dariusz"]
[Black "Trenner, Rolf"]
[Site "Germany"]
[Round "1.4"]
[Result "1-0"]
[Date "2023.10.22"]
[WhiteElo "2136"]
[BlackElo "2134"]
[PlyCount "73"]
[EventDate "2023.10.22"]
[EventType "team-tourn"]
[EventRounds "9"]
[EventCountry "GER"]
[SourceTitle "EXT 2025"]
[Source "ChessBase"]
[SourceDate "2024.10.14"]
[SourceVersion "1"]
[SourceVersionDate "2024.10.14"]
[SourceQuality "1"]
[WhiteTeam "Forst"]
[BlackTeam "Potsdam Empor"]
[WhiteTeamCountry "GER"]
[BlackTeamCountry "GER"]

1. d4 Nf6 2. c4 g6 3. Nc3 d5 4. cxd5 Nxd5 5. Bd2 Bg7 6. e4 Nb6 7. Be3 0-0 8. h3 c6 9. Nf3 Be6 10. Be2 Bc4 11. 0-0 N8d7 12. a4 Bxe2 13. Qxe2 e6 14. a5 Nc8 15. a6 bxa6 16. Rxa6 Qc7 17. Rc1 Qb7 18. e5 Rb8 19. Rc2 Ndb6 20. Ne4 h6 21. Nfd2 Nd5 22. Ra5 Nb4 23. Rc1 Nd5 24. Nc4 Nxe3 25. fxe3 Qb4 26. Rca1 Rd8 27. Nc5 Nb6 28. Nd6 Nd5 29. Qf3 f5 30. Nxe6 Rxd6 31. exd6 Bf6 32. Rxd5 cxd5 33. Qxd5 Qxb2 34. Rxa7 Qc1+ 35. Kh2 Qxe3 36. Ng5+ Kh8 37. Rh7# 1-0

[Event "Oberliga Nord O 2223"]
[White "Hoegy, Kevin"]
[Black "Trenner, Rolf"]
[Site "Germany"]
[Round "3.5"]
[Result "1/2-1/2"]
[Date "2022.12.11"]
[WhiteElo "2237"]
[BlackElo "2133"]
[PlyCount "104"]
[EventDate "2022.10.23"]
[EventType "team-tourn"]
[EventRounds "9"]
[EventCountry "GER"]
[SourceTitle "EXT 2025"]
[Source "ChessBase"]
[SourceDate "2024.10.14"]
[SourceVersion "1"]
[SourceVersionDate "2024.10.14"]
[SourceQuality "1"]
[WhiteTeam "Berlin Weisse Dame"]
[BlackTeam "Potsdam Empor"]
[WhiteTeamCountry "GER"]
[BlackTeamCountry "GER"]

1. Nf3 d5 2. d4 Bf5 3. Bf4 e6 4. e3 Bd6 5. Bg3 Nf6 6. c4 Ne4 7. Qb3 b6 8. Nc3 c6 9. Nxe4 Bxe4 10. Bd3 Bxd3 11. Qxd3 Bb4+ 12. Ke2 0-0 13. Rac1 Nd7 14. cxd5 cxd5 15. Qb5 Be7 16. Rc7 Nf6 17. Rhc1 Ne4 18. Qa6 Bd6 19. Rxa7 Rxa7 20. Qxa7 Bxg3 21. hxg3 g5 22. Qc7 Qa8 23. Kf1 Qxa2 24. Qxb6 h5 25. Kg1 Kg7 26. Qb7 Qa5 27. Qe7 Qd8 28. Qxd8 Rxd8 29. b4 Rb8 30. Rb1 f6 31. Ne1 Rb6 32. Nd3 Kf7 33. Ra1 Kg6 34. Kh2 Rc6 35. f3 Nd2 36. Nc5 Rb6 37. Nd3 Rc6 38. Rc1 Rxc1 39. Nxc1 Nf1+ 40. Kg1 Nxe3 41. b5 Nc4 42. Nd3 Kf5 43. Nb4 Nb6 44. Kf2 e5 45. Ke3 Ke6 46. Kd3 Kd6 47. Nc6 Nc4 48. Nb4 Nb6 49. Nc2 Nc4 50. Nb4 Nb6 51. Nc2 Nc4 52. Nb4 Nb6 1/2-1/2

[Event "BL2-Nord 1920"]
[White "Trenner, Rolf"]
[Black "Szyszylo, Rafal"]
[Site "Germany"]
[Round "2.7"]
[Result "1-0"]
[Date "2019.10.20"]
[WhiteElo "2183"]
[BlackElo "2258"]
[PlyCount "159"]
[EventDate "2019.10.19"]
[EventType "team-tourn"]
[EventRounds "9"]
[EventCountry "GER"]
[SourceTitle "CBM 194 Extra"]
[Source "ChessBase"]
[SourceDate "2020.03.31"]
[SourceVersion "1"]
[SourceVersionDate "2020.03.31"]
[SourceQuality "1"]
[WhiteTeam "Potsdam Empor"]
[BlackTeam "Ruedersdorf Glueckauf"]
[WhiteTeamCountry "GER"]
[BlackTeamCountry "GER"]

1. d4 g6 2. e4 Bg7 3. Nf3 d6 4. Bc4 Nf6 5. Qe2 0-0 6. 0-0 c6 7. Bb3 a5 8. e5 Nd5 9. c4 a4 10. Bxa4 Rxa4 11. cxd5 dxe5 12. dxe5 Qxd5 13. Re1 Qc4 14. Bg5 Qxe2 15. Rxe2 Re8 16. Nc3 Ra8 17. h3 Na6 18. Rd1 Nc7 19. a3 h6 20. Be3 Be6 21. Bb6 Nd5 22. Nxd5 Bxd5 23. Bd4 Red8 24. Red2 Bb3 25. Re1 Bd5 26. Bc3 Kf8 27. Nd4 c5 28. Ne2 Bb3 29. Rxd8+ Rxd8 30. Ng3 b6 31. f4 Bc2 32. Kf2 h5 33. Re2 Bb1 34. Rd2 Ke8 35. Ke3 Bh6 36. Ne2 Bf5 37. Ng3 Bb1 38. Nf1 Ba2 39. h4 Bb1 40. Rxd8+ Kxd8 41. Nd2 Bf5 42. b4 Kc7 43. bxc5 bxc5 44. Ba5+ Kc6 45. Bd8 Bf8 46. Nf3 Kb5 47. Ng5 e6 48. Nxf7 Ka4 49. Bc7 Kxa3 50. Bd6 Bg7 51. Bxc5+ Kb3 52. Be7 Kc4 53. Nd6+ Kd5 54. Ne8 Bh6 55. g3 Kc6 56. Bb4 Kd7 57. Nf6+ Kd8 58. Kd4 Bg7 59. Nh7 Kd7 60. Kc5 Be4 61. Kb6 Bd5 62. Bf8 Bh8 63. Bh6 Be4 64. Ng5 Bf5 65. Nf7 Ke7 66. Nxh8 Ke8 67. Kc7 Ke7 68. Bg5+ Ke8 69. Kd6 Kf8 70. Kd7 Kg7 71. Bf6+ Kf8 72. Kd6 Ke8 73. Be7 Bg4 74. Nxg6 Kf7 75. Nf8 Bf5 76. Nd7 Bg4 77. Nc5 Bf5 78. Nb7 Bg4 79. Nd8+ Ke8 80. Bg5 1-0

[Event "Oberliga Nord O 1819"]
[White "Kather, Yannick"]
[Black "Trenner, Rolf"]
[Site "Germany"]
[Round "6.5"]
[Result "0-1"]
[Date "2019.02.03"]
[WhiteElo "2136"]
[BlackElo "2156"]
[PlyCount "94"]
[EventDate "2018.10.21"]
[EventType "team-tourn"]
[EventRounds "9"]
[EventCountry "GER"]
[SourceTitle "EXT 2020"]
[Source "ChessBase"]
[SourceDate "2019.10.17"]
[SourceVersion "1"]
[SourceVersionDate "2019.10.17"]
[SourceQuality "1"]
[WhiteTeam "Koenig Tegel II"]
[BlackTeam "Potsdam Empor"]
[WhiteTeamCountry "GER"]
[BlackTeamCountry "GER"]

1. e4 d5 2. exd5 Qxd5 3. Nf3 Bg4 4. Be2 e5 5. 0-0 Nc6 6. Nxe5 Bxe2 7. Qxe2 Nxe5 8. f4 Qc5+ 9. Kh1 0-0-0 10. fxe5 Qxc2 11. Nc3 f6 12. d4 Qxe2 13. Nxe2 fxe5 14. dxe5 Bc5 15. Bg5 Re8 16. Rad1 h6 17. Bh4 Ne7 18. Bg3 Nc6 19. Rd5 Bb6 20. a3 Rhf8 21. Rf3 Ne7 22. Rd1 Nf5 23. Re1 c6 24. Nc1 Nxg3+ 25. hxg3 Kd7 26. Nd3 g5 27. Ref1 Ke7 28. b4 Rd8 29. Nc5 Rxf3 30. gxf3 Bxc5 31. bxc5 Rd3 32. f4 Rxg3 33. f5 Re3 34. f6+ Kf7 35. Rf5 b5 36. cxb6 axb6 37. Kg2 c5 38. Kf2 Re4 39. Kf3 Rf4+ 40. Rxf4 gxf4 41. Kxf4 Ke6 42. Kg4 c4 43. Kh5 Kf7 44. Kg4 c3 45. Kf5 c2 46. e6+ Kf8 47. Kg6 c1Q 0-1

[Event "GER CupT 1718 prel1"]
[White "Lagunow, Alexander"]
[Black "Trenner, Rolf"]
[Site "Potsdam"]
[Round "2"]
[Result "0-1"]
[Date "2018.01.14"]
[WhiteElo "2411"]
[BlackElo "2147"]
[PlyCount "72"]
[EventDate "2018.01.13"]
[EventType "team-k.o."]
[EventRounds "2"]
[EventCountry "GER"]
[SourceTitle "EXT 2019"]
[Source "ChessBase"]
[SourceDate "2018.10.10"]
[SourceVersion "1"]
[SourceVersionDate "2018.10.10"]
[SourceQuality "1"]
[WhiteTeam "Zehlendorf"]
[BlackTeam "Potsdam Empor"]
[WhiteTeamCountry "GER"]
[BlackTeamCountry "GER"]

1. c4 Nf6 2. Nf3 b6 3. g3 Bb7 4. Bg2 g6 5. d4 Bg7 6. 0-0 0-0 7. d5 d6 8. Nd4 Nbd7 9. Nc3 a5 10. h3 Nc5 11. Rb1 Qd7 12. b3 e5 13. Ndb5 Ba6 14. a3 Bxb5 15. cxb5 Qe7 16. Bd2 Ne8 17. b4 axb4 18. axb4 Nd7 19. e4 f5 20. h4 f4 21. h5 Qg5 22. Bh3 Ndf6 23. hxg6 Qxg6 24. Bf5 Qg5 25. Kg2 Bh6 26. Kh3 Ng7 27. gxf4 Qh5+ 28. Qxh5 Nfxh5 29. Ra1 Bxf4 30. Be3 Rxa1 31. Rxa1 Nxf5 32. exf5 Rxf5 33. Kg4 Rg5+ 34. Kh4 Nf6 35. Ra8+ Kf7 36. Rc8 Rh5# 0-1

[Event "Oberliga Nord O 1516"]
[White "Trenner, Rolf"]
[Black "Niehaus, Frank"]
[Site "Germany"]
[Round "5.5"]
[Result "0-1"]
[Date "2016.01.17"]
[WhiteElo "2183"]
[BlackElo "2187"]
[PlyCount "58"]
[EventDate "2015.09.20"]
[EventType "team-tourn"]
[EventRounds "9"]
[EventCountry "GER"]
[SourceTitle "CBM 170 Extra"]
[Source "ChessBase"]
[SourceDate "2016.02.25"]
[SourceVersion "1"]
[SourceVersionDate "2016.02.25"]
[SourceQuality "1"]
[WhiteTeam "Potsdam Empor"]
[BlackTeam "Koenig Tegel"]
[WhiteTeamCountry "GER"]
[BlackTeamCountry "GER"]

1. d4 d5 2. Nf3 e6 3. g3 f5 4. Bg2 Nf6 5. 0-0 Bd6 6. c4 c6 7. b3 Qe7 8. Bb2 0-0 9. Qc2 b6 10. Ne5 Bb7 11. Nd2 Ne4 12. Ndf3 a5 13. Ne1 Na6 14. f3 Nf6 15. N1d3 c5 16. dxc5 bxc5 17. Qd2 Nb4 18. Rfe1 Qc7 19. cxd5 exd5 20. Kh1 Rae8 21. Nxb4 axb4 22. Nd3 Qe7 23. Rac1 d4 24. a3 Nh5 25. axb4 Nxg3+ 26. hxg3 Bxg3 27. Nxc5 Qh4+ 28. Kg1 Bf2+ 29. Kf1 Be3 0-1

[Event "Oberliga Nord O 1516"]
[White "Trenner, Rolf"]
[Black "Heuer, Thomas"]
[Site "Germany"]
[Round "3.5"]
[Result "1-0"]
[Date "2015.11.15"]
[WhiteElo "2183"]
[BlackElo "2132"]
[PlyCount "79"]
[EventDate "2015.09.20"]
[EventType "team-tourn"]
[EventRounds "9"]
[EventCountry "GER"]
[SourceTitle "CBM 170 Extra"]
[Source "ChessBase"]
[SourceDate "2016.02.25"]
[SourceVersion "1"]
[SourceVersionDate "2016.02.25"]
[SourceQuality "1"]
[WhiteTeam "Potsdam Empor"]
[BlackTeam "Neuruppin"]
[WhiteTeamCountry "GER"]
[BlackTeamCountry "GER"]

1. d4 d5 2. c4 e6 3. Nf3 Nf6 4. Bg5 Be7 5. Nc3 0-0 6. e3 h6 7. Bf4 c5 8. Rc1 cxd4 9. Nxd4 Nc6 10. Be2 Nxd4 11. Qxd4 dxc4 12. Qxc4 Bd7 13. Bf3 Qb6 14. Bc7 Qxb2 15. Rb1 Qc2 16. Bxb7 Nd5 17. Bxd5 exd5 18. Qb3 Qxb3 19. Rxb3 Be6 20. Rb7 Bf6 21. Kd2 d4 22. Ne4 dxe3+ 23. Kxe3 Bd8 24. Bxd8 Raxd8 25. Rxa7 Rfe8 26. f3 f5 27. Nc5 Bxa2+ 28. Kf4 Bf7 29. Rc1 Rd2 30. Kxf5 Rxg2 31. h4 Bh5 32. Rc3 Rge2 33. Nd7 R2e7 34. Kf4 Rf7+ 35. Kg3 Rd8 36. Rd3 Kh8 37. f4 Bg6 38. Rd4 Bf5 39. Nf6 Rdf8 40. Rxf7 1-0

[Event "Oberliga Nord O 1415"]
[White "Heerde, Thomas"]
[Black "Trenner, Rolf"]
[Site "Germany"]
[Round "5.4"]
[Result "0-1"]
[Date "2015.01.18"]
[WhiteElo "2074"]
[BlackElo "2177"]
[PlyCount "111"]
[EventDate "2014.09.21"]
[EventType "team-tourn"]
[EventRounds "9"]
[EventCountry "GER"]
[SourceTitle "EXT 2016"]
[Source "ChessBase"]
[SourceDate "2015.10.08"]
[SourceVersion "1"]
[SourceVersionDate "2015.10.08"]
[SourceQuality "1"]
[WhiteTeam "Weisse Dame"]
[BlackTeam "Potsdam Empor"]
[WhiteTeamCountry "GER"]
[BlackTeamCountry "GER"]

1. e4 e5 2. Nf3 Nc6 3. Bb5 a6 4. Ba4 Nf6 5. 0-0 Nxe4 6. d4 b5 7. Bb3 d5 8. dxe5 Be6 9. Nbd2 Nc5 10. c3 Bg4 11. Bc2 Be7 12. Re1 d4 13. Ne4 d3 14. Nxc5 dxc2 15. Qxd8+ Rxd8 16. Nxa6 Rd1 17. Bf4 Bxf3 18. gxf3 Rxa1 19. Rxa1 Kd7 20. a3 Ra8 21. e6+ fxe6 22. Nxc7 Rf8 23. Bg3 Rxf3 24. Rc1 Rxg3+ 25. hxg3 Kxc7 26. Rxc2 Bf6 27. Kf1 Na5 28. Ke2 Kc6 29. Kd3 Kd5 30. Re2 e5 31. f3 Nc4 32. Kc2 Bg5 33. Kd3 Bc1 34. Re4 Bg5 35. Re2 h6 36. Rc2 Ne3 37. Rf2 Nf5 38. Rg2 Be7 39. b4 Nd6 40. Ra2 Nc4 41. Ke2 Nb6 42. Kd3 Bf6 43. Re2 Bg5 44. Re1 Nc4 45. Ra1 Bd8 46. Ke2 Bf6 47. Rd1+ Kc6 48. Ra1 e4 49. fxe4 Bxc3 50. Rf1 Bb2 51. g4 Bxa3 52. g5 hxg5 53. Rb1 Bb2 54. Kd3 Be5 55. Rg1 Bf4 56. Rc1 0-1

[Event "Oberliga Nord O 1213"]
[White "Trenner, Rolf"]
[Black "Berebora, Ferenc"]
[Site "Germany"]
[Round "2.3"]
[Result "0-1"]
[Date "2012.11.11"]
[WhiteElo "2247"]
[BlackElo "2427"]
[PlyCount "86"]
[EventDate "2012.10.17"]
[EventType "team-tourn"]
[EventRounds "9"]
[EventCountry "GER"]
[SourceTitle "EXT 2015"]
[Source "ChessBase"]
[SourceDate "2014.11.20"]
[SourceVersion "1"]
[SourceVersionDate "2014.11.20"]
[SourceQuality "1"]
[WhiteTeam "Potsdam Empor"]
[BlackTeam "Neuruppin"]
[WhiteTeamCountry "GER"]
[BlackTeamCountry "GER"]

1. d4 e6 2. c4 Bb4+ 3. Bd2 a5 4. Nf3 Nf6 5. e3 b6 6. Bd3 Bb7 7. 0-0 0-0 8. Re1 d5 9. cxd5 exd5 10. Qc2 Nbd7 11. a3 Bd6 12. Nc3 c5 13. Nb5 Bb8 14. b4 axb4 15. axb4 c4 16. Bf5 g6 17. Rxa8 Bxa8 18. Bxd7 Qxd7 19. Nc3 Re8 20. Ra1 Bb7 21. h3 Ne4 22. Nxe4 dxe4 23. Nh2 b5 24. Bc3 h5 25. Qa2 Bc7 26. Nf1 Ra8 27. Qb2 Qd8 28. Nd2 Bd5 29. Rxa8 Qxa8 30. Qa1 Qb7 31. Qa2 Bb8 32. Qa5 Bc7 33. Qa2 h4 34. Qa1 f5 35. Qd1 Kf7 36. f4 exf3 37. Nxf3 Bg3 38. Kf1 Qa8 39. Be1 Qa2 40. Qd2 Qb1 41. Ke2 Bxf3+ 42. gxf3 Bxe1 43. Qxe1 Qxe1+ 0-1

[Event "GER Cup final"]
[White "Trenner, Rolf"]
[Black "Thieme Garmann, Alexander"]
[Site "Halle"]
[Round "5"]
[Result "1-0"]
[Date "2010.05.15"]
[WhiteElo "2272"]
[BlackElo "2145"]
[PlyCount "65"]
[EventDate "2010.05.13"]
[EventType "swiss"]
[EventRounds "5"]
[EventCountry "GER"]
[SourceTitle "CBM 136 Extra"]
[Source "ChessBase"]
[SourceDate "2010.07.02"]
[SourceVersion "2"]
[SourceVersionDate "2010.07.15"]
[SourceQuality "1"]

1. d4 Nf6 2. c4 e6 3. Nc3 Bb4 4. Qc2 b6 5. e4 Bxc3+ 6. bxc3 d6 7. Bd3 Bb7 8. Ne2 Nbd7 9. 0-0 c5 10. Bg5 h6 11. Bh4 g5 12. Bg3 e5 13. f3 Qc7 14. Bf2 Nf8 15. a4 Ne6 16. a5 0-0 17. Rfb1 Rfb8 18. axb6 axb6 19. Ng3 Ng7 20. Nf1 Rxa1 21. Rxa1 Ra8 22. Rxa8+ Bxa8 23. Qa2 Qb8 24. Ne3 Bb7 25. Nd5 Nxd5 26. cxd5 Ne8 27. h4 Qa8 28. Qb2 Qa5 29. hxg5 hxg5 30. Kh2 Ba6 31. Bxa6 Qxa6 32. dxe5 dxe5 33. Qd2 1-0

[Event "GER Cup final"]
[White "Tornow, Michael"]
[Black "Trenner, Rolf"]
[Site "Halle"]
[Round "3"]
[Result "0-1"]
[Date "2010.05.14"]
[WhiteElo "2066"]
[BlackElo "2272"]
[PlyCount "54"]
[EventDate "2010.05.13"]
[EventType "swiss"]
[EventRounds "5"]
[EventCountry "GER"]
[SourceTitle "CBM 136 Extra"]
[Source "ChessBase"]
[SourceDate "2010.07.02"]
[SourceVersion "2"]
[SourceVersionDate "2010.07.15"]
[SourceQuality "1"]

1. c4 Nf6 2. Nc3 g6 3. g3 d5 4. cxd5 Nxd5 5. Bg2 c6 6. Nf3 Bg7 7. 0-0 0-0 8. Qc2 Na6 9. a3 Nac7 10. b3 Bg4 11. Bb2 Rc8 12. Nxd5 Nxd5 13. Bxg7 Kxg7 14. Rfe1 Nf6 15. Ne5 Be6 16. e4 Qb6 17. Rab1 Rfd8 18. Nc4 Qc5 19. Rec1 Rc7 20. d3 Bxc4 21. b4 Qd4 22. dxc4 Rcd7 23. Rb3 Qe5 24. Qc3 Rd1+ 25. Bf1 Qxe4 26. Rxd1 Rxd1 27. b5 Qe2 0-1

[Event "GER Cup final"]
[White "Trenner, Rolf"]
[Black "Kliewe, Hans Juergen"]
[Site "Halle"]
[Round "2"]
[Result "1/2-1/2"]
[Date "2010.05.13"]
[WhiteElo "2272"]
[BlackElo "2123"]
[PlyCount "26"]
[EventDate "2010.05.13"]
[EventType "swiss"]
[EventRounds "5"]
[EventCountry "GER"]
[SourceTitle "CBM 136 Extra"]
[Source "ChessBase"]
[SourceDate "2010.07.02"]
[SourceVersion "2"]
[SourceVersionDate "2010.07.15"]
[SourceQuality "1"]

1. d4 d5 2. c4 c6 3. Nf3 Nf6 4. e3 Bf5 5. Nc3 e6 6. Be2 Nbd7 7. 0-0 Ne4 8. Bd3 Bd6 9. Qc2 Ndf6 10. Ne5 Qc7 11. f4 h5 12. Bd2 0-0 13. Be1 Nxc3 1/2-1/2

[Event "GER CupT qual"]
[White "Woost, Thomas"]
[Black "Trenner, Rolf"]
[Site "Germany"]
[Round "1"]
[Result "0-1"]
[Date "2010.01.16"]
[WhiteElo "2048"]
[BlackElo "2280"]
[PlyCount "44"]
[EventDate "2010.01.16"]
[EventType "team-k.o."]
[EventRounds "1"]
[EventCountry "GER"]
[SourceTitle "CBM 134 Extra"]
[Source "ChessBase"]
[SourceDate "2010.03.03"]
[SourceVersion "1"]
[SourceVersionDate "2010.03.03"]
[SourceQuality "1"]

1. e4 e5 2. f4 d5 3. Nf3 Bg4 4. Be2 exf4 5. 0-0 dxe4 6. Qe1 Be7 7. Bb5+ c6 8. Qxe4 Nf6 9. Qe2 cxb5 10. Qxb5+ Nbd7 11. d4 Qb6 12. Qd3 Bxf3 13. Qxf3 Qxd4+ 14. Kh1 0-0 15. Nc3 Bb4 16. Rd1 Qb6 17. Bxf4 Bxc3 18. bxc3 Qc6 19. Qh3 Rac8 20. Rd3 Nc5 21. Rd6 Nce4 22. Rf1 Nxd6 0-1

[Event "Potsdam Christmas 34th"]
[White "Trenner, Rolf"]
[Black "Wiezer, Siegfried"]
[Site "Potsdam"]
[Round "5.3"]
[Result "1/2-1/2"]
[Date "2009.12.29"]
[WhiteElo "2280"]
[BlackElo "2037"]
[PlyCount "22"]
[EventDate "2009.12.27"]
[EventType "swiss"]
[EventRounds "7"]
[EventCountry "GER"]
[SourceTitle "EXT 2022"]
[Source "ChessBase"]
[SourceDate "2021.10.06"]
[SourceVersion "1"]
[SourceVersionDate "2021.10.06"]
[SourceQuality "1"]

1. d4 Nf6 2. g3 d5 3. Bg2 c6 4. Nf3 Bg4 5. Nbd2 Nbd7 6. 0-0 e6 7. Ne5 Nxe5 8. dxe5 Nd7 9. f4 h5 10. Nf3 Bc5+ 11. e3 g5 1/2-1/2